000 00445nam a2200157Ia 4500
008 230917s9999||||xx |||||||||||||| ||und||
040 _e75014
_aMAIN
041 _aEnglish
082 _a658.15 K959F
100 _aKulkarni, P V
245 0 _aFinancial management: A conceptual approach with problems, cases and review questions
250 _a9th ed.
260 _aMumbai
_bHimalaya Publishing House
_c1999
300 _a832 p.
942 _cBK
999 _c102244
_d102244